[Event "Titled Tue 3rd Jun Early"]
[Site "chess.com INT"]
[Date "2025.06.03"]
[Round "1"]
[White "Mikhalsky, Vladimir"]
[Black "Beerdsen, Thomas"]
[Result "0-1"]
[BlackTitle "GM"]
[WhiteElo "2219"]
[BlackElo "2535"]
[WhiteFideId "14144352"]
[BlackFideId "1030108"]
[EventDate "2025.06.03"]

1. d4 d5 2. c4 Nc6 3. Nf3 Bg4 4. Nc3 Nf6 5. e3 e6 6. h3 Bh5 7. a3 Bd6 8. c5 Be7
9. b4 a6 10. Be2 O-O 11. O-O Bg6 12. Bb2 b6 13. Nh4 Re8 14. Nxg6 hxg6 15. Qb3
bxc5 16. dxc5 d4 17. Rfd1 dxc3 18. Rxd8 cxb2 19. Rxe8+ Nxe8 20. Rb1 Rd8 21. Qxb2
Nf6 22. Rd1 Rb8 23. Bf3 Nd5 24. Bxd5 exd5 25. Rxd5 Bf6 26. Qd2 a5 27. b5 Rxb5
28. Rd7 Kh7 29. Rxf7 a4 30. Rxc7 Rb1+ 31. Kh2 Be5+ 32. f4 Bxc7 33. Qc2 Rb3 34.
Qe4 Nd8 35. Qxa4 Rxe3 36. h4 Ne6 37. g3 Bd8 38. c6 Kg8 39. Qc4 Kf7 40. a4 Ra3
41. Qe4 Be7 42. f5 gxf5 43. Qxf5+ Bf6 44. c7 Rc3 45. Qh5+ Ke7 46. a5 Rxc7 47. a6
Nc5 48. Qe2+ Kd6 49. Qb5 Nd7 50. Qb4+ Kc6 51. Qa5 Ra7 52. Kh3 Nc5 53. Qe1 Rxa6
54. Qh1+ Kd6 55. Qf3 Ra4 56. Qd1+ Rd4 57. Qb1 Rd3 58. Qb8+ Kd5 59. Qa8+ Kc4 60.
Qc6 Be5 61. Kg4 Rxg3+ 62. Kf5 Bd4 63. h5 Bf6 64. Qe8 Rg5+ 65. Kf4 Kd5 66. Qf7+
Ne6+ 67. Kf3 Rf5+ 68. Kg3 Be5+ 69. Kg4 Rxf7 0-1

[Event "Titled Tue 3rd Jun Early"]
[Site "chess.com INT"]
[Date "2025.06.03"]
[Round "1"]
[White "Andrejevs, Arvids"]
[Black "Tekeyev, Zaur"]
[Result "0-1"]
[WhiteTitle "CM"]
[BlackTitle "IM"]
[WhiteElo "2165"]
[BlackElo "2417"]
[WhiteFideId "11602708"]
[BlackFideId "4199731"]
[EventDate "2025.06.03"]

1. e4 e5 2. Nf3 Nc6 3. Bb5 a6 4. Bxc6 dxc6 5. h3 Bd6 6. d3 Ne7 7. Be3 c5 8. Nbd2
Be6 9. Nf1 Qd7 10. g4 h5 11. gxh5 Bxh3 12. Ng3 Bg4 13. Bg5 f6 14. Bd2 Nc6 15. c3
O-O-O 16. Qe2 g6 17. hxg6 Rxh1+ 18. Nxh1 f5 19. Ng3 f4 20. Nf5 Bxf5 21. exf5
Qxf5 22. Qe4 Qxe4+ 23. dxe4 Rg8 24. Nh4 Be7 25. Nf5 Rxg6 26. O-O-O c4 27. Rh1 b5
28. Rh7 Bc5 29. f3 Rg1+ 30. Kc2 Rf1 31. Rh3 Rf2 32. Kd1 Kb7 33. a4 bxa4 34. Ng7
Be3 35. Bxe3 fxe3 36. Nf5 Rxb2 37. Nxe3 Na5 38. Kc1 a3 39. Rh5 Nb3+ 40. Kd1 a2 0-1

[Event "Titled Tue 3rd Jun Early"]
[Site "chess.com INT"]
[Date "2025.06.03"]
[Round "1"]
[White "Kambrath, Yannick"]
[Black "Kourkoulos-Arditis, Stamatis"]
[Result "0-1"]
[WhiteTitle "IM"]
[BlackTitle "GM"]
[WhiteElo "2389"]
[BlackElo "2580"]
[WhiteFideId "20632525"]
[BlackFideId "4221990"]
[EventDate "2025.06.03"]

1. e4 d6 2. d4 Nf6 3. Nc3 e5 4. dxe5 dxe5 5. Qxd8+ Kxd8 6. Nf3 Bd6 7. Bc4 Ke7 8.
h3 c6 9. O-O b5 10. Bd3 Nbd7 11. Be3 Ne8 12. a3 Nc7 13. Rad1 Ne6 14. Ne2 Bc5 15.
Bxc5+ Nexc5 16. b4 Ne6 17. c4 a6 18. c5 a5 19. Ra1 f6 20. Bc2 Bb7 21. Rfd1 Ra7
22. Nc3 Rha8 23. Rab1 axb4 24. axb4 Ra3 25. Rd3 Nf4 26. Rbd1 Nxd3 27. Rxd3 Nf8
28. Kh2 Ne6 29. g3 Rd8 30. Nd5+ cxd5 31. Rxa3 dxe4 32. Ra7 Rd7 33. Nd2 f5 34.
Nb3 Bd5 35. Rxd7+ Kxd7 36. Na5 Nd4 37. Bd1 f4 38. Kg1 g5 39. Bg4+ Kc7 40. Kf1
Nc2 41. Bf5 h6 42. gxf4 exf4 43. Ke2 Nxb4 44. Kd2 Nc6 45. Nxc6 Kxc6 46. Kc3 Kxc5 0-1

[Event "Titled Tue 3rd Jun Early"]
[Site "chess.com INT"]
[Date "2025.06.03"]
[Round "1"]
[White "Lee, Alice"]
[Black "Harshit, Ranjan Sahu"]
[Result "1-0"]
[WhiteTitle "IM"]
[BlackTitle "CM"]
[WhiteElo "2389"]
[BlackElo "2214"]
[WhiteFideId "30941822"]
[BlackFideId "25638815"]
[EventDate "2025.06.03"]

1. b3 Nf6 2. Bb2 g6 3. g3 Bg7 4. Bg2 O-O 5. Nf3 d6 6. O-O e5 7. d3 Nc6 8. Nbd2
Bd7 9. c4 Qc8 10. a3 Bh3 11. b4 Bxg2 12. Kxg2 Nd7 13. h4 e4 14. Nxe4 Bxb2 15.
Rb1 Bg7 16. h5 Nf6 17. h6 Bh8 18. Neg5 Qf5 19. e4 Qg4 20. Rh1 Ne5 21. Rh4 Qd7
22. Ng1 Ne8 23. Rc1 Bf6 24. N1h3 Bxg5 25. Nxg5 f6 26. Nh3 c6 27. f4 Nf7 28. Nf2
d5 29. Qf3 Rd8 30. Rd1 Nfd6 31. Rhh1 Qf7 32. c5 Nb5 33. a4 Nc3 34. Ra1 Nc7 35.
Ra3 d4 36. g4 f5 37. Rf1 fxe4 38. Nxe4 N7d5 39. Kg3 Nxe4+ 40. dxe4 Ne3 41. Rf2
Qc4 42. b5 1-0

[Event "Titled Tue 3rd Jun Early"]
[Site "chess.com INT"]
[Date "2025.06.03"]
[Round "1"]
[White "Murawski, Jan"]
[Black "Dann, Matthias"]
[Result "0-1"]
[WhiteTitle "CM"]
[BlackTitle "IM"]
[WhiteElo "2191"]
[BlackElo "2446"]
[WhiteFideId "21009287"]
[BlackFideId "24638056"]
[EventDate "2025.06.03"]

1. c4 Nf6 2. Nc3 g6 3. d4 Bg7 4. e4 O-O 5. Be2 c6 6. Bg5 d5 7. cxd5 cxd5 8. e5
Ne4 9. Be3 Qa5 10. Nf3 Bf5 11. O-O Nxc3 12. bxc3 Qxc3 13. Rc1 Qb2 14. Rc7 Nc6
15. Bd3 Qb6 16. Rxc6 Qxc6 17. Bxf5 gxf5 18. h4 Rfc8 19. Ng5 h6 20. Nh3 Qc2 21.
Qh5 Qe4 22. Nf4 Rc2 23. e6 Rf8 24. exf7+ Rxf7 25. Qg6 Rc6 26. Qg3 Kh7 27. h5
Bxd4 28. Bxd4 Qxd4 29. Re1 e5 30. Ng6 e4 31. Qb8 Rxg6 32. hxg6+ Kxg6 33. Re3 f4
34. Rh3 e3 35. fxe3 fxe3 36. Qg8+ Kf6 37. Rf3+ Ke5 38. Qxf7 e2+ 39. Kh2 Qh4+ 40.
Rh3 Qf4+ 41. Qxf4+ Kxf4 42. Rf3+ Ke4 0-1

[Event "Titled Tue 3rd Jun Early"]
[Site "chess.com INT"]
[Date "2025.06.03"]
[Round "1"]
[White "Loskutova, Viktoriya"]
[Black "Jia, Haoxiang"]
[Result "0-1"]
[WhiteTitle "WFM"]
[BlackTitle "IM"]
[WhiteElo "2066"]
[BlackElo "2316"]
[WhiteFideId "34166278"]
[BlackFideId "8602999"]
[EventDate "2025.06.03"]

1. e4 c5 2. Nf3 d6 3. d4 cxd4 4. Nxd4 Nf6 5. Nc3 g6 6. Be3 Bg7 7. f3 O-O 8. Qd2
Nc6 9. O-O-O d5 10. exd5 Nxd5 11. Nxc6 bxc6 12. Bd4 Bxd4 13. Qxd4 Qb6 14. Na4
Qc7 15. g3 Rd8 16. Qc5 Bf5 17. Bc4 Nb6 18. Bb3 Rd6 19. Nc3 Rad8 20. Rde1 h5 21.
h3 h4 22. g4 Bc8 23. Ne4 Rd4 24. Ng5 Qf4+ 25. Kb1 e6 26. Ne4 Qxf3 27. Nc3 Ba6
28. a4 Nc4 29. Qxa7 Nd2+ 30. Ka2 Bc4 31. Qe7 Bxb3+ 32. cxb3 Rb8 33. Qc5 Rdb4 34.
Re2 Nxb3 35. Qe5 Qxh1 36. Rf2 Nc1+ 37. Ka3 Rb3# 0-1

[Event "Titled Tue 3rd Jun Early"]
[Site "chess.com INT"]
[Date "2025.06.03"]
[Round "1"]
[White "Sahbudak, Baris Cinar"]
[Black "Oparin, Grigoriy"]
[Result "0-1"]
[WhiteTitle "CM"]
[BlackTitle "GM"]
[WhiteElo "2072"]
[BlackElo "2660"]
[WhiteFideId "26351633"]
[BlackFideId "24125890"]
[EventDate "2025.06.03"]

1. e4 c6 2. d4 d5 3. exd5 cxd5 4. Bd3 Nf6 5. c3 Bg4 6. Qb3 Qd7 7. Bf4 Nc6 8. Nd2
e6 9. Ngf3 Bd6 10. Bxd6 Qxd6 11. O-O O-O 12. Rae1 Qc7 13. Ne5 Bf5 14. Bxf5 exf5
15. Ndf3 Rfe8 16. Nxc6 bxc6 17. Ne5 Ne4 18. Qc2 Re6 19. f3 Nd6 20. Nd3 Rae8 21.
Rxe6 Rxe6 22. Nc5 Re3 23. Nd3 Qe7 24. Ne5 Qe8 25. Kf2 f4 26. Nd3 g5 27. Re1 Rxe1
28. Nxe1 Qe3+ 29. Kf1 Nc4 30. Qf2 Qxf2+ 31. Kxf2 Nxb2 32. Ke2 a5 33. Nc2 Kf8 34.
Na1 Ke7 35. Nb3 Nc4 36. Nc5 Kd6 37. Nd3 f6 38. Kf2 Na3 39. Ke2 Nb1 40. Nc5 Nxc3+
41. Kd3 Nxa2 42. Nb7+ Kc7 43. Nxa5 Nb4+ 44. Kc3 Na6 45. Nb3 Kd6 46. Nc1 c5 47.
dxc5+ Nxc5 48. Kd4 h5 49. Ne2 Ne6+ 50. Kd3 Ke5 51. Nc3 Nc5+ 52. Kd2 h4 53. Nb5
Ne6 54. Na7 h3 55. gxh3 Nd4 56. Nc8 Nxf3+ 57. Ke2 Nxh2 58. Kf2 d4 59. Kg2 d3 60.
Nb6 Kd4 61. Na4 d2 62. Nb2 Ke3 63. Kxh2 Ke2 64. Kg2 f3+ 65. Kg3 f2 66. Nd1 0-1

[Event "Titled Tue 3rd Jun Early"]
[Site "chess.com INT"]
[Date "2025.06.03"]
[Round "1"]
[White "Tikhonov, Viacheslav"]
[Black "Zhigalko, Sergei"]
[Result "0-1"]
[WhiteTitle "CM"]
[BlackTitle "GM"]
[WhiteElo "2183"]
[BlackElo "2572"]
[WhiteFideId "44196407"]
[BlackFideId "13502956"]
[EventDate "2025.06.03"]

1. e4 c5 2. Nf3 Nc6 3. d4 cxd4 4. Nxd4 Nf6 5. Nc3 e5 6. Ndb5 d6 7. Bg5 a6 8. Na3
b5 9. Nd5 Be7 10. Bxf6 Bxf6 11. c3 Bg5 12. Nc2 Ne7 13. Nxe7 Qxe7 14. a4 bxa4 15.
Rxa4 O-O 16. Bd3 a5 17. O-O Bd7 18. Ra3 g6 19. Qa1 a4 20. Nb4 f5 21. Qa2+ Kh8
22. exf5 gxf5 23. Qd5 e4 24. Be2 f4 25. Rd1 f3 26. Bf1 Rae8 27. Qxd6 e3 28. Qd4+
Qf6 29. Qxf6+ Rxf6 30. fxe3 Bxe3+ 31. Kh1 Bg4 32. Re1 f2 33. Rb1 Bc5 34. Rxa4
Re1 35. Raa1 Bxb4 36. cxb4 Rfe6 37. b5 Rxb1 38. Rxb1 Re1 0-1

[Event "Titled Tue 3rd Jun Early"]
[Site "chess.com INT"]
[Date "2025.06.03"]
[Round "1"]
[White "Salinas Herrera, Pablo"]
[Black "Fedorov, Artem Alek"]
[Result "1-0"]
[WhiteTitle "GM"]
[BlackTitle "CM"]
[WhiteElo "2447"]
[BlackElo "2198"]
[WhiteFideId "3407128"]
[BlackFideId "34418431"]
[EventDate "2025.06.03"]

1. d4 d5 2. Nf3 Nf6 3. Bf4 c5 4. e3 Nc6 5. Nbd2 Qb6 6. dxc5 Qxb2 7. Rb1 Qc3 8.
Bb5 e6 9. Ne5 Bd7 10. Nd3 Ne4 11. Rb3 Qa5 12. c4 a6 13. cxd5 axb5 14. dxc6 Bxc6
15. Nb4 Nxc5 16. Rb1 Ne4 17. a3 Nc3 18. Nxc6 bxc6 19. Qf3 Nxb1 20. Qxc6+ Kd8 21.
Bc7+ Qxc7 22. Qxa8+ Kd7 23. O-O Nxd2 24. Rd1 Qc2 25. Qb7+ Kd8 26. Qb8+ Ke7 27.
Qa7+ Ke8 28. Qa8+ Kd7 29. Qa7+ Qc7 30. Rxd2+ Bd6 31. Qd4 Ra8 32. Rd1 f6 33. Qg4
g6 34. Qh4 g5 35. Qxh7+ Kc8 36. Qg8+ Kb7 37. Qxe6 Bxh2+ 38. Kh1 Rh8 39. Rd7 Bd6+
40. Kg1 1-0

[Event "Titled Tue 3rd Jun Early"]
[Site "chess.com INT"]
[Date "2025.06.03"]
[Round "1"]
[White "Sydykov, Bayastan"]
[Black "Hoepfl, Thomas"]
[Result "1/2-1/2"]
[WhiteTitle "FM"]
[BlackTitle "FM"]
[WhiteElo "2301"]
[BlackElo "2194"]
[WhiteFideId "13829610"]
[BlackFideId "4615182"]
[EventDate "2025.06.03"]

1. Nf3 Nf6 2. g3 g6 3. Bg2 Bg7 4. O-O O-O 5. d4 d6 6. c4 c6 7. Nc3 Qa5 8. e4 Bg4
9. h3 Bxf3 10. Bxf3 Nfd7 11. Be3 c5 12. Rc1 Nc6 13. d5 Nd4 14. Bg2 a6 15. Qd3 b5
16. f4 bxc4 17. Qxc4 Rab8 18. b3 Rb4 19. Qd3 Rc8 20. Ne2 Qb5 21. Qxb5 axb5 22.
Kf2 Nxe2 23. Kxe2 Ra8 24. Rc2 c4 25. Rb1 h5 26. Bd2 c3 27. Be3 Nc5 28. Bxc5 dxc5
29. e5 Rd8 30. Rxc3 h4 31. Rxc5 hxg3 32. Kf3 Bh6 33. Re1 Bxf4 34. Re4 Rxe4 35.
Kxe4 g5 36. Rxb5 Rc8 37. a4 Rc2 38. Bf3 g2 39. Bxg2 Rxg2 40. a5 Ra2 41. b4 Kg7
42. Kf5 Rd2 43. a6 Ra2 44. Ra5 Rxa5 45. bxa5 Be3 46. d6 exd6 47. exd6 Kf8 48.
Kf6 Ke8 49. d7+ Kxd7 50. Kxf7 Kc8 51. Ke6 Kb8 52. Kd5 Ka7 53. Ke4 Bc1 54. Kf5
Kxa6 55. Kg4 Kxa5 56. h4 gxh4 57. Kxh4 1/2-1/2

[Event "Titled Tue 3rd Jun Early"]
[Site "chess.com INT"]
[Date "2025.06.03"]
[Round "1"]
[White "Marynychenko, Yehor"]
[Black "Gales, Randi-Ioan"]
[Result "1-0"]
[WhiteTitle "CM"]
[BlackTitle "CM"]
[WhiteElo "2183"]
[BlackElo "2290"]
[WhiteFideId "34160558"]
[BlackFideId "1285360"]
[EventDate "2025.06.03"]

1. e4 c5 2. c3 Nf6 3. e5 Nd5 4. d4 cxd4 5. cxd4 d6 6. Nf3 Nc6 7. Bc4 Nb6 8. Bb5
Bd7 9. O-O Nxe5 10. dxe5 Bxb5 11. e6 Bxf1 12. exf7+ Kxf7 13. Ng5+ Kg8 14. Kxf1
e6 15. Nxe6 Qf6 16. Nf4 d5 17. Nc3 Rd8 18. Qb3 Bc5 19. Ne4 Qe7 20. Nxc5 Qxc5 21.
Ne6 Qe7 22. Nxd8 Qxd8 23. Be3 Nc4 24. Rd1 Qa5 25. Qxb7 Nxe3+ 26. fxe3 h6 27.
Qc8+ Kh7 28. Qf5+ Kg8 29. Qxd5+ Qxd5 30. Rxd5 Kh7 31. Rd7 Rb8 32. Rxa7 Rxb2 33.
a4 Kg6 34. a5 Kf6 35. a6 g5 36. h3 Kg6 37. Kg1 Kh5 38. Kh2 Kh4 39. Rh7 h5 40.
Rb7 Ra2 41. a7 Ra4 42. a8=Q Ra2 43. Qxa2 g4 44. g3+ Kg5 45. h4+ Kf5 46. Rb5+ Ke4
47. Qd5+ Kxe3 48. Rb3+ Kf2 49. Qd2+ Kf1 50. Rb1# 1-0

[Event "Titled Tue 3rd Jun Early"]
[Site "chess.com INT"]
[Date "2025.06.03"]
[Round "1"]
[White "Genkeswaran, Genivan"]
[Black "Horobetz, Graham"]
[Result "1-0"]
[WhiteTitle "CM"]
[WhiteElo "2197"]
[BlackElo "2250"]
[WhiteFideId "5754496"]
[BlackFideId "2047322"]
[EventDate "2025.06.03"]

1. e4 c5 2. Nf3 e6 3. Nc3 Nc6 4. d4 cxd4 5. Nxd4 Nf6 6. Nxc6 bxc6 7. e5 Nd5 8.
Ne4 Qc7 9. f4 Rb8 10. c4 Bb4+ 11. Bd2 Nxf4 12. Bxb4 Qxe5 13. Qd6 Qxe4+ 14. Kf2
Rxb4 15. Qxb4 Qd4+ 16. Kf3 Nd5 17. Qe1 Qf4+ 18. Ke2 Qxc4+ 19. Kd1 Qd4+ 20. Qd2
Ne3+ 21. Kc1 Qc5+ 22. Qc3 Qxc3+ 23. bxc3 d5 24. Bd3 Kd7 25. Kd2 Ng4 26. h3 Ne5
27. Rhe1 Nxd3 28. Kxd3 f6 29. Kd4 e5+ 30. Kc5 Kc7 31. Rab1 Bf5 32. Rb2 Bd3 33.
a4 a6 34. a5 Bb5 35. g4 Rd8 36. g5 d4 37. c4 d3 38. cxb5 Rd5+ 39. Kb4 Rxb5+ 40.
Kc3 Rxa5 41. gxf6 Rd5 42. fxg7 d2 43. Rxd2 1-0

[Event "Titled Tue 3rd Jun Early"]
[Site "chess.com INT"]
[Date "2025.06.03"]
[Round "1"]
[White "Munoz Ramos, Christopher"]
[Black "Lira, Suan Bruno Fernandes"]
[Result "0-1"]
[WhiteTitle "FM"]
[WhiteElo "2133"]
[BlackElo "2163"]
[WhiteFideId "3439615"]
[BlackFideId "22794620"]
[EventDate "2025.06.03"]

1. d4 d5 2. c4 e6 3. Nf3 Nf6 4. g3 Bb4+ 5. Nbd2 dxc4 6. Bg2 O-O 7. O-O b5 8. a4
c6 9. axb5 cxb5 10. Ne5 Nd5 11. e4 Nb6 12. Ndf3 Bb7 13. Bd2 Bxd2 14. Qxd2 Bxe4
15. Rfe1 Bd5 16. Ng4 Nc6 17. Rad1 a5 18. Nge5 a4 19. Nxc6 Bxc6 20. Ne5 Bxg2 21.
Kxg2 a3 22. bxa3 Rxa3 23. Qb4 Qd5+ 24. Kg1 Ra4 25. Qe7 Nc8 26. Qh4 Nd6 27. Qg4
c3 28. Nd7 f5 29. Qh4 Re8 30. Nb6 Qc6 31. Nxa4 bxa4 32. Qf4 Ne4 33. f3 Nd2 34.
Kg2 Qd5 35. Qe3 Rc8 36. Rc1 Qa2 37. Rc2 Qb3 38. Rec1 Nc4 39. Qxc3 Ne3+ 40. Qxe3
Rxc2+ 41. Rxc2 Qxe3 42. Rc8+ Kf7 43. Rc7+ Kf6 44. Rc6 Qxd4 45. Ra6 Qd2+ 46. Kh3
Qd1 47. g4 Qxf3+ 48. Kh4 Qxg4# 0-1

[Event "Titled Tue 3rd Jun Early"]
[Site "chess.com INT"]
[Date "2025.06.03"]
[Round "1"]
[White "Tursunalieva, Nurelina"]
[Black "Khazhatuly, Alikhan"]
[Result "0-1"]
[WhiteTitle "WCM"]
[BlackTitle "CM"]
[WhiteElo "1810"]
[BlackElo "2196"]
[WhiteFideId "13817329"]
[BlackFideId "13731335"]
[EventDate "2025.06.03"]

1. e4 c5 2. d4 cxd4 3. c3 dxc3 4. Nxc3 e6 5. Nf3 a6 6. Be2 d6 7. O-O Nc6 8. Be3
Nf6 9. h3 Be7 10. a3 O-O 11. Nd4 d5 12. exd5 Nxd4 13. Qxd4 Nxd5 14. Nxd5 Qxd5
15. Qxd5 exd5 16. Bf3 Be6 17. Rfd1 Rfd8 18. Bb6 Rd7 19. Rd2 Rc8 20. Rad1 Bg5 21.
Rd3 Rc6 22. Ba5 Bf6 23. b3 g6 24. Bxd5 Rcd6 25. Be4 Rxd3 26. Rxd3 Rxd3 27. Bxd3
Bxb3 28. Be4 Be7 29. Bxb7 Bxa3 30. Bxa6 Kg7 31. Bc3+ Kg8 32. g4 Be7 33. Kg2 Be6
34. f3 h6 35. f4 Bd5+ 36. Kg3 Kh7 37. Bd3 Bd6 38. Bd4 Ba3 39. h4 Bb4 40. h5 Be1+
41. Kh3 Bd2 42. Bf6 Bxf4 43. hxg6+ fxg6 44. Bd4 Be6 45. Bc3 h5 46. Be2 Kh6 47.
Ba5 Kg5 48. Bd8+ Kh6 49. Be7 Be5 50. Kh4 hxg4 51. Bxg4 Bd5 52. Bg5+ Kg7 53. Kh3
Bc3 54. Be2 Kf7 55. Be3 Kf6 56. Kg4 Be6+ 57. Kf4 Be5+ 58. Kf3 g5 59. Kg2 Bf5 60.
Bb6 Kg6 61. Bd8 g4 62. Bb6 Be4+ 63. Kg1 Kf5 64. Bf2 Kf4 65. Bf1 g3 66. Bxg3+
Kxg3 67. Bb5 Bg2 68. Bf1 Bd4# 0-1

[Event "Titled Tue 3rd Jun Early"]
[Site "chess.com INT"]
[Date "2025.06.03"]
[Round "1"]
[White "Kurchenko, Egor"]
[Black "Bok, Benjamin"]
[Result "0-1"]
[WhiteTitle "FM"]
[BlackTitle "GM"]
[WhiteElo "2130"]
[BlackElo "2591"]
[WhiteFideId "54157749"]
[BlackFideId "1017063"]
[EventDate "2025.06.03"]

1. e4 c5 2. Na3 g6 3. c3 Nf6 4. e5 Nd5 5. d4 cxd4 6. cxd4 d6 7. Nf3 Bg7 8. Bc4
Nb6 9. Be2 O-O 10. O-O Nc6 11. Bf4 dxe5 12. dxe5 Bg4 13. h3 Bxf3 14. Bxf3 Bxe5
15. Bxc6 Bxf4 16. Bxb7 Rb8 17. Qf3 Be5 18. Rab1 Qc7 19. Ba6 e6 20. b3 Nd5 21.
Rfc1 Qe7 22. Nc4 Bg7 23. Ne3 Nc3 24. Ra1 Nb5 25. Bxb5 Bxa1 26. Rxa1 Rxb5 27. Nc4
Rd8 28. Re1 Kg7 29. Ne5 Qf6 30. Qg3 h5 31. h4 Rbd5 32. Qe3 Rd1 33. g3 Rxe1+ 34.
Qxe1 Rd5 35. Nc4 Qd4 36. Kg2 Rf5 37. Qe2 a5 38. a4 Qc3 39. Qe4 Qxb3 40. Qd4+ Kh7
41. Ne3 Qb7+ 42. Kg1 Rf3 43. Qd6 Qe4 44. Qd7 Kg7 45. Qd6 Rxe3 46. fxe3 Qxe3+ 47.
Kg2 Qe4+ 48. Kh3 Qxa4 49. Qe5+ Kh7 50. Qf6 Qd7 51. Qe5 a4 52. Kg2 Qd5+ 0-1

[Event "Titled Tue 3rd Jun Early"]
[Site "chess.com INT"]
[Date "2025.06.03"]
[Round "1"]
[White "Seyidli, Mirsaleh"]
[Black "Souleidis, Georgios"]
[Result "1-0"]
[WhiteTitle "CM"]
[BlackTitle "IM"]
[WhiteElo "1995"]
[BlackElo "2418"]
[WhiteFideId "13445219"]
[BlackFideId "4206827"]
[EventDate "2025.06.03"]

1. b3 d5 2. Bb2 Bf5 3. Nf3 e6 4. g3 Nf6 5. Bg2 h6 6. O-O c5 7. d3 Nc6 8. Nbd2
Be7 9. e4 Bh7 10. Qe2 O-O 11. Rfe1 Re8 12. a3 b5 13. h4 a5 14. Nf1 a4 15. Rad1
axb3 16. cxb3 d4 17. N3d2 Bf8 18. Nh2 Qb6 19. f4 c4 20. bxc4 Bxa3 21. Bxa3 Rxa3
22. cxb5 Qxb5 23. Nc4 Rb3 24. Nd6 Qb6 25. Nxe8 Nxe8 26. Nf3 f6 27. Nd2 Rb4 28.
Nc4 Qb5 29. Rc1 Bg6 30. Rc2 Bf7 31. Rec1 Na5 32. Nd2 Nd6 33. Rc5 Qb6 34. e5 Nf5
35. exf6 gxf6 36. Ne4 Kg7 37. Qg4+ Kf8 38. Rc8+ Be8 39. Nxf6 Ng7 40. Nh5 Nf5 41.
Qg6 Qb5 42. Qf6+ Kg8 43. Bc6 1-0

[Event "Titled Tue 3rd Jun Early"]
[Site "chess.com INT"]
[Date "2025.06.03"]
[Round "1"]
[White "Firouzja, Alireza"]
[Black "Abdsattar, Alisher"]
[Result "1-0"]
[WhiteTitle "GM"]
[BlackTitle "CM"]
[WhiteElo "2757"]
[BlackElo "2030"]
[WhiteFideId "12573981"]
[BlackFideId "13749358"]
[EventDate "2025.06.03"]

1. Nf3 Nf6 2. g3 g6 3. Bg2 Bg7 4. O-O c5 5. d3 O-O 6. e4 d6 7. a4 Nc6 8. h3 Bd7
9. Nc3 a6 10. Re1 Ne8 11. Bf4 Nc7 12. Qd2 b5 13. axb5 axb5 14. Rxa8 Qxa8 15. e5
b4 16. Ne4 dxe5 17. Be3 Ne6 18. Nxc5 Nxc5 19. Bxc5 Qa5 20. Be3 Rc8 21. Bh6 f6
22. Bxg7 Kxg7 23. d4 e4 24. Rxe4 Qa1+ 25. Qe1 Qxb2 26. d5 Ne5 27. Nxe5 fxe5 28.
Rxe5 Rxc2 29. Rxe7+ Kf8 30. Qe3 Qc1+ 31. Kh2 Qxe3 32. Rxe3 Rxf2 33. g4 Rb2 34.
Kg3 b3 35. d6 Ba4 36. Bd5 Rd2 37. Rf3+ Kg7 38. Rf7+ Kg8 39. Bc4 Bb5 40. Rf2+
Bxc4 41. Rxd2 Be6 42. d7 Bxd7 43. Rxd7 1-0

[Event "Titled Tue 3rd Jun Early"]
[Site "chess.com INT"]
[Date "2025.06.03"]
[Round "1"]
[White "Urbina Perez, Juan Antonio"]
[Black "Odegov, Artem"]
[Result "0-1"]
[WhiteTitle "FM"]
[BlackTitle "FM"]
[WhiteElo "2221"]
[BlackElo "2244"]
[WhiteFideId "2217368"]
[BlackFideId "34183644"]
[EventDate "2025.06.03"]

1. e4 Nf6 2. e5 Nd5 3. d4 Nb6 4. Nf3 d6 5. exd6 cxd6 6. g3 g6 7. Bg2 Bg7 8. O-O
O-O 9. Re1 Nc6 10. c3 e5 11. dxe5 dxe5 12. Qxd8 Rxd8 13. Nbd2 Bf5 14. Nb3 Nc4
15. Nc5 Rab8 16. Nh4 Bg4 17. Nxb7 Rxb7 18. Bxc6 Rb6 19. Bf3 Bxf3 20. Nxf3 Nxb2
21. Bxb2 Rxb2 22. Nxe5 Rc2 23. Nc6 Rdd2 24. Rad1 Bxc3 25. Rxd2 Rxd2 26. Rc1 Bf6
27. a4 Ra2 28. Rc4 a6 29. Nb8 Rd2 30. Nxa6 Bd4 31. Nc5 Bxf2+ 32. Kh1 Ra2 33. Ne4
Be3 34. Nd6 Rd2 35. Ne4 Re2 36. Nd6 Kg7 37. Rc7 Rf2 38. Rc4 g5 39. Ne4 Ra2 40.
h3 h5 41. g4 hxg4 42. hxg4 Bf4 43. Rc5 Rxa4 44. Nxg5 Be3 45. Rd5 Rxg4 0-1

[Event "Titled Tue 3rd Jun Early"]
[Site "chess.com INT"]
[Date "2025.06.03"]
[Round "1"]
[White "Dicen, Elis Denele"]
[Black "Shuvalov, Evgenij"]
[Result "1-0"]
[WhiteTitle "WFM"]
[WhiteElo "2135"]
[BlackElo "1986"]
[WhiteFideId "462560"]
[BlackFideId "4187237"]
[EventDate "2025.06.03"]

1. e4 e6 2. d4 d5 3. Nc3 Bb4 4. exd5 exd5 5. Nf3 Nf6 6. Bd3 O-O 7. O-O Bg4 8. h3
Bh5 9. g4 Bg6 10. Ne5 c5 11. Nxg6 hxg6 12. dxc5 Bxc5 13. Bg5 Nc6 14. Bxf6 Qxf6
15. Nxd5 Qxb2 16. Qf3 Ne5 17. Qg3 Nxd3 18. Qxd3 Rfd8 19. c4 Bxf2+ 20. Kh1 Bc5
21. Rab1 Qd4 22. Qxd4 Bxd4 23. Rxb7 f6 24. Rd1 Be5 25. Kg2 g5 26. c5 Kh7 27. Kf3
Rac8 28. Rb5 a6 29. Ra5 Rc6 30. Ke4 Rdc8 31. Rc1 Bd6 32. Rc4 Rxc5 33. Rcxc5 Rxc5
34. Rxa6 Be5 35. Ne7 Rc4+ 36. Kd3 Rc3+ 37. Ke2 Rxh3 38. Nf5 Kh8 39. Ra8+ Kh7 40.
Ra7 Rh2+ 41. Kf3 1-0

[Event "Titled Tue 3rd Jun Early"]
[Site "chess.com INT"]
[Date "2025.06.03"]
[Round "1"]
[White "Daianu, Cristian-Clement"]
[Black "Akkara, Omer"]
[Result "0-1"]
[WhiteTitle "FM"]
[BlackTitle "CM"]
[WhiteElo "2205"]
[BlackElo "2036"]
[WhiteFideId "1208926"]
[BlackFideId "26319802"]
[EventDate "2025.06.03"]

1. e4 d5 2. exd5 Nf6 3. Nf3 Qxd5 4. d4 Bf5 5. Be2 e6 6. Be3 Be7 7. O-O O-O 8. c4
Qd8 9. Nc3 c6 10. Qb3 Nbd7 11. Rad1 Qb6 12. Ne5 Qxb3 13. axb3 Bc2 14. Ra1 Bxb3
15. Rfc1 a5 16. Nxd7 Nxd7 17. Ne4 a4 18. Nd2 Bf6 19. Nxb3 axb3 20. Bd1 c5 21.
dxc5 Bxb2 22. Rxa8 Rxa8 23. Rb1 Ba3 24. Bxb3 Bxc5 25. Bd2 b6 26. Kf1 h6 27. Ke2
Ne5 28. f4 Nc6 29. Bc3 Nd4+ 30. Bxd4 Bxd4 31. Kd3 Bc5 32. Rb2 Rd8+ 33. Ke2 Rd4
34. g3 Re4+ 35. Kf3 Re3+ 36. Kg2 g5 37. fxg5 hxg5 38. Bd1 Kg7 39. Bf3 Rc3 40.
Be2 f5 41. Rd2 Kf6 42. Rd3 Rc2 43. Kf1 Rc1+ 44. Kg2 Rg1+ 45. Kh3 g4+ 46. Kh4 Rg2
47. h3 Rxe2 48. hxg4 Rh2# 0-1